Statistics for All WWE Royal Rumble Winners

Click here to take the quiz!

General Stats

  • This quiz has been taken 123 times
    (53 since last reset)
  • The average score is 29 of 37

Answer Stats

HintAnswer% Correct
2003Brock Lesnar
95%
2022Brock Lesnar
95%
2013John Cena
95%
2008John Cena
95%
2009Randy Orton
89%
2017Randy Orton
89%
1995Shawn Michaels
89%
1996Shawn Michaels
89%
2002Triple H
89%
2016Triple H
89%
1991Hulk Hogan
87%
1990Hulk Hogan
87%
2019Seth Rollins
87%
2001Stone Cold
87%
1997Stone Cold
87%
1998Stone Cold
87%
2014Batista
84%
2005Batista
84%
2010Edge
84%
2021Edge
84%
2015Roman Reigns
84%
2007the Undertaker
82%
2023Cody Rhodes
79%
2020Drew McIntyre
76%
2006Rey Mysterio
76%
1994Bret Hart
74%
2012Sheamus
74%
2000the Rock
71%
2018Shinsuke Nakamura
68%
1999Vince McMahon
66%
2011Alberto Del Rio
63%
2004Chris Benoit
63%
1992Ric Flair
61%
1993Yokozuna
61%
1994Lex Luger
53%
1988Hacksaw Jim Duggan
50%
1989Big John Studd
47%

Score Distribution

Percentile by Number Answered

Percent of People with Each Score

Your Score History

You have not taken this quiz since the last reset